01335nam a2200241 i 450000100060000000300090000600500170001500700030003200800410003524502700007626000510034630000300039749000860042750002930051361100410080663000340084765000330088170000270091470000220094170000230096383000860098685200210107280783ES-MaACL20230906174310.0t|041029s1923 fr ||||1| fre d00aCe qui se passa réellement à Paris en 1918-1919 b: histoire de la Conférence de la Paix par les délégués américains / cpubliée par le Colonel House,..., et Charles Seymour,... ; trad. francaise par Louis-Paul Alaux, avec cinq cartes dans le texte. aParis : bPayot, c1923 (eVannes : fLafolye) a346 p. : bil. ; c23 cm.1 aMemoires, études et documents pour servir áa l'histoire de la Guerre Mondiale aLes 18 chapitres qui constituent cet ouvrage sont la reprod. des 18 conférences qui furent faites par les délégués américains sur la Conférence de la Paix pendant l'hiver 1920-1921, à l'Académie de musique de Philadelphie, sous les auspices du "Philadelphia Public Ledger"24aParis Peace Conference. d1919-1920)04aTratado de Versalles (d1919)04aPaz-vCongresos y asambleas.1 aHouse, Edward Mandell.1 aSeymour, Charles.1 aAlaux, Louis-Paul.0 aMemoires, études et documents pour servir áa l'histoire de la Guerre Mondiale aES-MaACLjG-3373